| 000 | 00385nam a2200169Ia 4500 | ||
|---|---|---|---|
| 001 | 10615 | ||
| 003 | GE_BSU | ||
| 008 | 181216s||||||||xx |||||||||||||| ||und|| | ||
| 020 | _a977001306122026 | ||
| 040 | _cGE_BSU | ||
| 245 | 4 | _aThe Economist, 28th-july4th. 2014 | |
| 245 | _bvolume 411 number 8894 | ||
| 260 | _c2014 | ||
| 300 | _a82p.27cm. | ||
| 653 | _aThe Economist | ||
| 942 | _cCR | ||
| 999 |
_c43866 _d43866 |
||